The theory and history of ocean boundary-making

Bibliographic Details
Main Author: Johnston, Douglas M.
Corporate Author: ProQuest (Firm)
Format: Electronic eBook
Language:English
Published: Kingston : McGill-Queen's University Press, c1988.
Subjects:
Online Access:Click to View
LEADER 01246nam a2200337Ia 4500
001 EBC3330971
003 MiAaPQ
005 20200520144314.0
006 m o d |
007 cr cn|||||||||
008 900823s1988 onc sb 001 0 eng d
010 |z  89207877  
020 |z 0773506241 
035 |a (MiAaPQ)EBC3330971 
035 |a (Au-PeEL)EBL3330971 
035 |a (CaPaEBR)ebr10141642 
035 |a (OCoLC)929121270 
040 |a MiAaPQ  |c MiAaPQ  |d MiAaPQ 
050 4 |a JX4131  |b .J64 1988 
100 1 |a Johnston, Douglas M. 
245 1 4 |a The theory and history of ocean boundary-making  |h [electronic resource] /  |c Douglas M. Johnston. 
260 |a Kingston :  |b McGill-Queen's University Press,  |c c1988. 
300 |a xiii, 445 p. 
504 |a Includes bibliographical references (p. [405]-433) and index. 
533 |a Electronic reproduction. Ann Arbor, MI : ProQuest, 2015. Available via World Wide Web. Access may be limited to ProQuest affiliated libraries. 
650 0 |a Territorial waters. 
650 0 |a Economic zones (Law of the sea) 
650 0 |a Boundaries. 
655 4 |a Electronic books. 
710 2 |a ProQuest (Firm) 
856 4 0 |u https://ebookcentral.proquest.com/lib/matrademy/detail.action?docID=3330971  |z Click to View